Caste in contemporary India : (Record no. 17790)

MARC details
000 -LEADER
fixed length control field 00883nam a2200289 i 4500
001 - CONTROL NUMBER
control field 1777151
003 - CONTROL NUMBER IDENTIFIER
control field BDDh-ASL
005 - DATE AND TIME OF LATEST TRANSACTION
control field 20231015025635.0
008 - FIXED-LENGTH DATA ELEMENTS--GENERAL INFORMATION
fixed length control field 780705s1978 caub b 001 0 eng
010 ## - LIBRARY OF CONGRESS CONTROL NUMBER
LC control number 77074109
020 ## - INTERNATIONAL STANDARD BOOK NUMBER
International Standard Book Number 0805356029
040 ## - CATALOGING SOURCE
Original cataloging agency DLC
Transcribing agency DLC
Modifying agency BDDh-ASL
043 ## - GEOGRAPHIC AREA CODE
Geographic area code a-ii---
050 00 - LIBRARY OF CONGRESS CALL NUMBER
Classification number DS422.C3
Item number K64
082 00 - DEWEY DECIMAL CLASSIFICATION NUMBER
Classification number 305.554
Item number KOC
100 1# - MAIN ENTRY--PERSONAL NAME
Personal name Kolenda, Pauline.
245 10 - TITLE STATEMENT
Title Caste in contemporary India :
Remainder of title beyond organic solidarity /
Statement of responsibility, etc. Pauline Kolenda.
260 ## - PUBLICATION, DISTRIBUTION, ETC.
Place of publication, distribution, etc. Menlo Park, Calif. :
Name of publisher, distributor, etc. Benjamin/Cummings Pub. Co.,
Date of publication, distribution, etc. c1978.
300 ## - PHYSICAL DESCRIPTION
Extent 181 p. :
Other physical details map ;
Dimensions 21 cm.
490 0# - SERIES STATEMENT
Series statement Benjamin/Cummings modular program in anthropology
500 ## - GENERAL NOTE
General note Includes indexes.
504 ## - BIBLIOGRAPHY, ETC. NOTE
Bibliography, etc. note Bibliography: p. 152-170.
650 #0 - SUBJECT ADDED ENTRY--TOPICAL TERM
Topical term or geographic name entry element Caste
Geographic subdivision India.
651 #0 - SUBJECT ADDED ENTRY--GEOGRAPHIC NAME
Geographic name India
General subdivision Civilization.
906 ## - LOCAL DATA ELEMENT F, LDF (RLIN)
a 7
b cbc
c orignew
d 2
e opcn
f 19
g y-gencatlg
942 ## - ADDED ENTRY ELEMENTS (KOHA)
Source of classification or shelving scheme Dewey Decimal Classification
Koha item type Books
Holdings
Withdrawn status Lost status Source of classification or shelving scheme Damaged status Not for loan Collection code Home library Current library Shelving location Date acquired Source of acquisition Total Checkouts Full call number Barcode Date last seen Copy number Price effective from Koha item type Public note
    Dewey Decimal Classification   Not For Loan Non-fiction Asiatic Society Library Asiatic Society Library Harrison Collection 09/09/2020 Donated by Prof. John B. Harrison   305.554 KOC 100911 09/09/2020 C-1 09/09/2020 Books RARE

Powered by Koha